| 000 | 00368nam a2200145Ia 4500 | ||
|---|---|---|---|
| 008 | 221030s9999 xx 000 0 und d | ||
| 020 | _a9788184316414 | ||
| 041 | _aEnglish | ||
| 100 | _aA. R. Gpdse | ||
| 245 | 0 |
_aPrinciples of Microprocessor _cby A. R. Gpdse |
|
| 260 |
_bTechnical Publication _aPune _c2009 |
||
| 300 | _a556 | ||
| 650 | _aBB Computer | ||
| 942 | _cBK | ||
| 999 |
_c18918 _d18918 |
||